[Event "Leverkusen Bayer op 10th"]
[Site "Leverkusen"]
[Date "2012.03.21"]
[Round "6"]
[White "Block, Wolfgang"]
[Black "Gnass, Arno"]
[Result "1-0"]
[WhiteElo "2117"]
[BlackElo "1589"]
[PlyCount "119"]
[EventDate "2012.01.11"]
[EventType "swiss"]
[EventRounds "7"]
[EventCountry "GER"]
[SourceTitle "EXT 2014"]
[Source "ChessBase"]
[SourceDate "2013.11.20"]
[SourceVersion "1"]
[SourceVersionDate "2013.11.20"]
[SourceQuality "1"]

1. d4 Nf6 2. c4 g6 3. Nc3 d5 4. cxd5 Nxd5 5. e4 Nxc3 6. bxc3 Bg7 7. Be3 0-0 8. Qd2 c5 9. Rc1 cxd4 10. cxd4 Nc6 11. d5 Na5 12. Nf3 b6 13. Be2 Bb7 14. Nd4 Rc8 15. 0-0 Qd7 16. Bb5 Qd6 17. Bf4 Qa3 18. Nc6 a6 19. Nxa5 bxa5 20. Bc6 Ba8 21. Bxa8 Rxa8 22. Rc6 Qb4 23. Qc2 Qb2 24. Rb1 Qxc2 25. Rxc2 h6 26. h4 f6 27. Rb7 g5 28. Bd2 Rfc8 29. Rcb2 f5 30. Rb1 Rc2 31. Bxa5 fxe4 32. Rxe7 Bd4 33. Be1 Rf8 34. Rxe4 Bxf2+ 35. Bxf2 Rfxf2 36. Rg4 Rfd2 37. Rb6 Rxd5 38. Rxh6 Rxa2 39. Rg6+ Kf7 40. R6xg5 Rd1+ 41. Kh2 Rf1 42. Rg7+ Kf8 43. Rg8+ Kf7 44. R4g7+ Kf6 45. Rf8+ Kxg7 46. Rxf1 a5 47. Rf5 a4 48. Ra5 a3 49. Kg3 Ra1 50. Kg4 a2 51. Kg5 Kf7 52. h5 Ke6 53. Kg6 Rf1 54. Rxa2 Rf6+ 55. Kg5 Rf5+ 56. Kg4 Rf8 57. Re2+ Kd7 58. Kh4 Rf4+ 59. g4 Rf1 60. Kg5 1-0